| 000 | 00493nam a22001817a 4500 | ||
|---|---|---|---|
| 005 | 20230821114504.0 | ||
| 008 | 230818b |||||||| |||| 00| 0 eng d | ||
| 020 | _a978-1-975-175-33-7 | ||
| 041 | _aeng | ||
| 082 | _a612.76 NOR-B | ||
| 100 |
_aNORDIN, MARGARETA AND FRANKEL, VICTOR H _98134 |
||
| 245 | _aBASIC BIOMECHANICS OF THE MUSCULOSKELETAL SYSTEM | ||
| 250 | _a5TH ED,2022 | ||
| 260 |
_aPHILADELPHIA _bWOLTERS KLUWER _c2022 |
||
| 300 | _a499;p | ||
| 650 |
_aBPT _98135 |
||
| 942 | _cBK | ||
| 999 |
_c8399 _d8397 |
||